000 00492nam a2200157Ia 4500
008 100122s9999 xx 000 0 und d
082 _b25231
_a928.417
100 _aSOLZHENITSYN ALEXANDER
245 _aTHE GULAG ARCHIPELAGO-2 (1918-1956 ) PARTS 3-4
260 _bCOLLINS & HARVILL PRESS
_c1976
300 _a695
630 _aTHE GULAG ARCHIPELAGO-2 (1918-1956 ) PARTS 3-4
700 _aGOREVIDAL P WHITNEY
730 _aTHE GULAG ARCHIPELAGO-2 (1918-1956 ) PARTS 3-4
942 _cBOOK
999 _c367791
_d367788